Ser o dúo: punto medio. Composiciones para vientos y guitarra

Uloženo v:
Podrobná bibliografie
Hlavní autor: Edmunds Guerra, Moa
Další autoři: Carrasco Gubernatis, Tomás
Médium: Hudebnina Kniha
Jazyk:angličtina
Vydáno: Valparaíso, Chile Cadenza 2019
Témata:
Tagy: Přidat tag
Žádné tagy, Buďte první, kdo vytvoří štítek k tomuto záznamu!

MARC

LEADER 00000ncm a22000007a 4500
003 CL-VaPUC
005 20240606162019.0
008 200319b ||||| |||| 00| 0 eng d
999 |c 422786  |d 422784 
020 |a 9789569990007 
040 |c Pontificia Universidad Católica de Valparaíso 
082 0 4 |2 21  |a Du785.44 EDM 2019 
100 1 |a Edmunds Guerra, Moa  |9 737751 
245 1 0 |a Ser o dúo: punto medio. Composiciones para vientos y guitarra 
260 3 |a Valparaíso, Chile  |b Cadenza  |c 2019 
300 |a 54 p 
583 |c 20200319  |k Daniel Castañeda 
650 0 0 |a Música para flauta  |9 324699 
650 0 0 |a Música para guitarra  |9 362109 
650 0 0 |a Composición musical  |9 306660 
700 1 |a Carrasco Gubernatis, Tomás  |9 737752 
942 |2 ddc  |c BK  |n 1 
952 |0 0  |1 0  |2 ddc  |4 0  |6 DU_785_440000000000000_EDM_2019  |7 0  |9 561693  |a BIBEDU  |b BIBEDU  |d 2020-03-19  |i 5615798  |o Du785.44 EDM 2019  |p 5615798  |r 2023-01-12  |t 1  |w 2020-03-19  |y PA  |k MUS